000 00538nam a2200157 i 4500
001 83117
003 ES-MaACL
005 20230906174800.0
007 t|
008 041115q1937 zzz ||||1| spa d
110 2 _aCarnegie Institution of Washington.
_92449
245 1 0 _aInforme anual de la Sección de Investigaciones Históricas /
_cInstitución Carnegie de Washington.
260 _a[S.l. :
_bs.n.,
_c1937?]
500 _aEs separata del Anuario de dicha Institución de los años 1935-36, 1936-37.
852 _aES-MaACL
_j1813-F-9-10
999 _c83117
_d83117